Statistics for TORONTO BLUE JAYS 40 MAN ROSTER

Click here to take the quiz!

General Stats

  • This quiz has been taken 47 times
    (44 since last reset)
  • The average score is 14 of 40

Answer Stats

Answer % Correct
JOSH DONALDSON
89%
JOSE BAUTISTA
87%
AARON SANCHEZ
79%
JUSTIN SMOAK
79%
J.A. HAPP
79%
MARCUS STROMAN
76%
RUSSELL MARTIN
74%
EDWIN ENCARNACION
68%
MARCO ESTRADA
68%
TROY TULOWITZKI
66%
DEVON TRAVIS
66%
KEVIN PILLAR
63%
R.A DICKEY
61%
RYAN GOINS
61%
ROBERTO OSUNA
55%
BRETT CECIL
42%
DARWIN BARNEY
39%
MICHAEL SAUNDERS
37%
JOSH THOLE
34%
AARON LOUP
34%
JOE BIAGINI
32%
RYAN TEPERA
26%
DALTON POMPEY
21%
CHRIS COLLABELLO
18%
EZEQUIEL CARRERA
11%
JESSE CHAVEZ
11%
DREW STOREN
8%
DREW HUTCHINSON
8%
GAVIN FLOYD
5%
ANDY BURNS
5%
BO SCHULTZ
3%
DARRELL CECILIANI
0%
DUSTIN ANTOLIN
0%
JIMMY PARADES
0%
MATT DOMINGUEZ
0%
BEN ROWEN
0%
FRANKLIN MORALES
0%
BLAKE MCFARLAND
0%
BRADY DRAGMIRE
0%
PAT VENDITTE
0%

Score Distribution

Percentile by Number Answered

Percent of People with Each Score

Your Score History

You have not taken this quiz since the last reset